00353nam a22000977a 4500008004100000082001600041100000800057245014700065260003500212300000800247230612b xxu||||| |||| 00| 0 eng d a352.12bFIN cGOK aThe Report of the Controller and Auditor-General on the Financial Statements of Local Authorities Provident Fund For the Year Ended June, 2002 aNairobi, KenyabGOKcJune 2002 a13p